Come spring / (Registro nro. 13050)
[ vista simple ]
| 000 -LEADER | |
|---|---|
| fixed length control field | 01100cam a2200385 a 4500 |
| 001 - CONTROL NUMBER | |
| control field | 14165081 |
| 003 - CONTROL NUMBER IDENTIFIER | |
| control field | DO-SdBNP |
| 005 - DATE AND TIME OF LATEST TRANSACTION | |
| control field | 20171123124606.0 |
| 008 - FIXED-LENGTH DATA ELEMENTS--GENERAL INFORMATION | |
| fixed length control field | 051104s2005 nyu e 000 1 eng d |
| 010 ## - LIBRARY OF CONGRESS CONTROL NUMBER | |
| LC control number | |
| 015 ## - NATIONAL BIBLIOGRAPHY NUMBER | |
| National bibliography number | |
| Source | |
| 016 7# - NATIONAL BIBLIOGRAPHIC AGENCY CONTROL NUMBER | |
| Record control number | |
| Source | |
| 020 ## - INTERNATIONAL STANDARD BOOK NUMBER | |
| International Standard Book Number | 075821099X |
| 035 ## - SYSTEM CONTROL NUMBER | |
| System control number | |
| 035 ## - SYSTEM CONTROL NUMBER | |
| System control number | |
| 040 ## - CATALOGING SOURCE | |
| Original cataloging agency | |
| Transcribing agency | |
| Modifying agency | |
| -- | |
| -- | |
| 042 ## - AUTHENTICATION CODE | |
| Authentication code | |
| 043 ## - GEOGRAPHIC AREA CODE | |
| Geographic area code | |
| 050 00 - LIBRARY OF CONGRESS CALL NUMBER | |
| Classification number | |
| Item number | |
| 082 04 - DEWEY DECIMAL CLASSIFICATION NUMBER | |
| Classification number | 813.54 |
| Edition number | |
| Item number | L183c |
| 100 1# - MAIN ENTRY--PERSONAL NAME | |
| Personal name | LaHaye, Tim, |
| Dates associated with a name | 1926-2016. |
| 245 10 - TITLE STATEMENT | |
| Title | Come spring / |
| Statement of responsibility, etc. | Tim LaHaye and Gregory S. Dinallo. |
| 260 ## - PUBLICATION, DISTRIBUTION, ETC. (IMPRINT) | |
| Place of publication, distribution, etc. | New York : |
| Name of publisher, distributor, etc. | Kensington Books, |
| Date of publication, distribution, etc. | 2005 |
| 300 ## - PHYSICAL DESCRIPTION | |
| Extent | 137 p. ; |
| Dimensions | 21 cm. |
| 650 #0 - SUBJECT ADDED ENTRY--TOPICAL TERM | |
| Topical term or geographic name as entry element | Scots |
| Geographic subdivision | Massachusetts |
| -- | Boston |
| Form subdivision | Ficción |
| 650 #0 - SUBJECT ADDED ENTRY--TOPICAL TERM | |
| Topical term or geographic name as entry element | Fotógrafos |
| Geographic subdivision | Massachusetts |
| -- | Boston |
| Form subdivision | Ficción |
| 655 #7 - INDEX TERM--GENRE/FORM | |
| Genre/form data or focus term | Love stories. |
| Source of term | |
| 700 1# - ADDED ENTRY--PERSONAL NAME | |
| Personal name | Dinallo, Gregory S. |
| 856 42 - ELECTRONIC LOCATION AND ACCESS | |
| Materials specified | Contributor biographical information |
| Uniform Resource Identifier | <a href="http://www.loc.gov/catdir/enhancements/fy1204/2005541268-b.html">http://www.loc.gov/catdir/enhancements/fy1204/2005541268-b.html</a> |
| 906 ## - LOCAL DATA ELEMENT F, LDF (RLIN) | |
| a | |
| b | |
| c | |
| d | |
| e | |
| f | |
| g | |
| 942 ## - ADDED ENTRY ELEMENTS (KOHA) | |
| Source of classification or shelving scheme | Dewey Decimal Classification |
| Koha item type | Libros |
| 945 ## - LOCAL PROCESSING INFORMATION (OCLC) | |
| a | Inventariado extranjero / 2017 VM |
| 956 ## - LOCAL ELECTRONIC LOCATION AND ACCESS (OCLC) | |
| Host name | VMATEO |
| Access number | 10 |
| Compression information | 20171123 |
| Path | BPMSU |
| Electronic name | 0069 |
| Withdrawn status | Lost status | Source of classification or shelving scheme | Damaged status | Not for loan | Collection code | Home library | Current library | Date acquired | Source of acquisition | Total Checkouts | Full call number | Barcode | Date last seen | Price effective from | Koha item type |
|---|---|---|---|---|---|---|---|---|---|---|---|---|---|---|---|
| Dewey Decimal Classification | Colección General | Biblioteca Pública Metropolitana Salomé Ureña | Biblioteca Pública Metropolitana Salomé Ureña | 11/23/2017 | Anónimo | 813.54 L183c | BPMSU17110378 | 11/23/2017 | 11/23/2017 | Libros |